| 000 | 00514nam a22001577a 4500 | ||
|---|---|---|---|
| 003 | SGT | ||
| 020 | _a9788131234600 | ||
| 082 | _a362.1,GOEL | ||
| 100 | _aGOEL SONU | ||
| 245 |
_aHOSPITAL ADMINISTRATION _bA PROBLEM SOLVING APPROACH |
||
| 260 |
_aNEW DELHI _bELSEVIER _c2015 |
||
| 300 | _a463 | ||
| 650 | _aSOCIAL PROBLEMS AND SERVICES | ||
| 653 | _aINTRODUCTION TO HEALTH PROMOTING HOSPITALS, SECTION PLANNING AND DEIGNING HOSPITALS,SPECIFIC DIAGNOSTIC, SUPPORT AND OTHER UTILITY SERVICES | ||
| 942 |
_2ddc _cFCM |
||
| 999 |
_c9214 _d9214 |
||